| 000 | 00417nam a2200145Ia 4500 | ||
|---|---|---|---|
| 008 | 230519s9999 xx 000 0 und d | ||
| 020 | _a978-93-86827-34-0 | ||
| 041 | _aeng | ||
| 082 | _aAD/610.7/RAT/DB0754 | ||
| 100 |
_aRatna Prakash _9179986 |
||
| 245 | _aTextbook of Nursing Education for BSc Nursing | ||
| 260 |
_bCBS Publishers & Distributors _aNew Delhi _c2016 |
||
| 300 | _a322p | ||
| 999 |
_c159399 _d159399 |
||